Tiếng Nhật thực dụng, tập 2

保存先:
書誌詳細
フォーマット: 図書
出版事項: 2005
タグ: タグ追加
タグなし, このレコードへの初めてのタグを付けませんか!
Thư viện lưu trữ: Mạng thư viện Đại học Đà Nẵng
LEADER 00454nam a22001811a 4500
001 000038708
003 15003
005 20160412021438.0
008 160412s2005 000
082 |a 4N(07)333-36 
245 |a Tiếng Nhật thực dụng, tập 2  |c Trần Việt Thanh 
260 |c 2005 
OWN |a LNN 
999 |a From the UDN01 
TYP |a Monograph 
980 |a Mạng thư viện Đại học Đà Nẵng